100 Best Movies of the 21st Century According to Hollywood - Statistics

General Stats
  • This quiz has been taken 102 times
  • The average score is 33 of 100
Answer Stats
Rank Director Released Answer % Correct
1 Bong Joon Ho 2019 Parasite
86%
65 Christopher Nolan 2023 Oppenheimer
78%
55 Christopher Nolan 2010 Inception
75%
89 Christopher Nolan 2014 Interstellar
68%
28 Christopher Nolan 2008 The Dark Knight
68%
44 Quentin Tarantino 2019 Once Upon a Time in Hollywood
64%
61 Quentin Tarantino 2003 Kill Bill: Vol. 1
61%
14 Quentin Tarantino 2009 Inglorious Basterds
60%
87 Peter Jackson 2001 The Lord of the Rings: The Fellowship of the Ring
60%
20 Martin Scorsese 2013 The Wolf of Wall Street
60%
8 Jordan Peele 2017 Get Out
59%
6 Ethan Coen & Joel Coen 2007 No Country for Old Men
58%
9 Hayao Miyazaki 2002 Spirited Away
58%
2 David Lynch 2001 Mulholland Drive
56%
92 Ridley Scott 2000 Gladiator
55%
31 Martin Scorsese 2006 The Departed
55%
22 Wes Anderson 2014 The Grand Budapest Hotel
53%
3 Paul Thomas Anderson 2007 There Will Be Blood
51%
62 Christopher Nolan 2001 Memento
50%
39 Greta Gerwig 2017 Lady Bird
47%
5 Barry Jenkins 2016 Moonlight
45%
30 Sofia Coppola 2003 Lost in Translation
44%
81 Darren Aronofsky 2010 Black Swan
42%
77 Daniel Kwan & Daniel Scheinert 2022 Everything Everywhere All at Once
42%
54 Guillermo del Toro 2006 Pan's Labyrinth
42%
11 George Miller 2015 Mad Max: Fury Road
41%
19 David Fincher 2007 Zodiac
41%
51 Steve McQueen 2013 12 Years a Slave
40%
68 Kathryn Bigelow 2009 The Hurt Locker
40%
10 David Fincher 2010 The Social Network
40%
50 Pete Docter 2009 Up
40%
29 Denis Villeneuve 2016 Arrival
38%
96 Ryan Coogler 2018 Black Panther
38%
17 Ang Lee 2005 Brokeback Mountain
38%
37 Luca Guadagnino 2017 Call Me By Your Name
38%
23 Richard Linklater 2014 Boyhood
36%
16 Ang Lee 2000 Crouching Tiger, Hidden Dragon
36%
7 Michel Gondry 2004 Eternal Sunshine of the Spotless Mind
36%
58 Benny Safdie & Josh Safdie 2019 Uncut Gems
36%
60 Damien Chazelle 2014 Whiplash
36%
24 Spike Jonze 2013 Her
35%
34 Andrew Stanton 2008 WALL-E
35%
64 David Fincher 2014 Gone Girl
34%
4 Wong Kar-Wai 2001 In the Mood for Love
34%
43 Park Chan-Wook 2005 Oldboy
34%
21 Wes Anderson 2001 The Royal Tenenbaums
34%
97 Alfonso Cuarón 2013 Gravity
33%
46 Alfonso Cuarón 2018 Roma
33%
73 Brad Bird 2007 Ratatouille
32%
47 Cameron Crowe 2000 Almost Famous
31%
25 Paul Thomas Anderson 2017 Phantom Thread
31%
52 Yorgos Lanthimos 2018 The Favourite
31%
79 Terrence Malick 2011 The Tree of Life
31%
42 Paul Thomas Anderson 2012 The Master
30%
76 Ethan Coen & Joel Coen 2000 O Brother, Where Art Thou?
28%
49 Richard Linklater 2004 Before Sunset
27%
41 Jean-Pierre Jeunet 2001 Amélie
26%
15 Fernando Meirelles 2003 City of God
26%
84 Lars von Trier 2011 Melancholia
24%
56 Paul Thomas Anderson 2002 Punch-Drunk Love
24%
66 Tom McCarthy 2015 Spotlight
24%
67 Todd Field 2022 Tár
24%
74 Sean Baker 2017 The Florida Project
24%
26 Justine Triet 2023 Anatomy of a Fall
23%
99 Bong Joon Ho 2005 Memories of Murder
23%
48 Florian Henckel von Donnersmarck 2007 The Lives of Others
23%
12 Jonathan Glazer 2023 The Zone of Interest
23%
18 Alfonso Cuarón 2002 Y tu mamá también
23%
85 Adam McKay 2004 Anchorman
22%
32 Paul Feig 2011 Bridesmaids
22%
27 Spike Jonze 2002 Adaptation
20%
36 Ethan Coen & Joel Coen 2009 A Serious Man
20%
13 Alfonso Cuarón 2006 Children of Men
20%
94 Steven Spielberg 2002 Minority Report
20%
71 Steven Soderbergh 2001 Ocean's Eleven
20%
86 Celine Song 2023 Past Lives
20%
33 Asghar Farhadi 2011 A Separation
19%
38 Céline Sciamma 2019 Portrait of a Lady on Fire
19%
78 Charlotte Wells 2022 Aftersun
18%
75 Michael Haneke 2012 Amour
18%
90 Noah Baumbach 2013 Frances Ha
18%
80 Pedro Almodóvar 2006 Volver
18%
40 Edward Yang 2000 Yi Yi
17%
57 Christopher Guest 2000 Best in Show
16%
83 Ethan Coen & Joel Coen 2013 Inside Llewyn Davis
16%
72 Todd Haynes 2015 Carol
15%
63 Jonathan Dayton & Valerie Faris 2006 Little Miss Sunshine
15%
93 Tony Gilroy 2007 Michael Clayton
15%
100 Greg Mottola 2007 Superbad
14%
95 Joachim Trier 2021 The Worst Person in the World
14%
53 Larry Charles 2006 Borat
13%
45 Bennett Miller 2011 Moneyball
13%
98 Werner Herzog 2005 Grizzly Man
11%
91 Andrea Arnold 2010 Fish Tank
10%
70 Tomas Alfredson 2008 Let the Right One In
9%
82 Joshua Oppenheimer & Anonymous 2013 The Act of Killing
9%
88 Agnès Varda 2001 The Gleaners & I
9%
59 Maren Ade 2016 Toni Erdmann
9%
69 Jonathan Glazer 2014 Under the Skin
8%
35 Jacques Audiard 2010 A Prophet
7%
No matching quizzes found
Score Distribution
Percent of People with Each Score
Percentile by Number Answered
Your Score History
You have not taken this quiz